Höhere Algebra. II, Gleichungen höheren Grades /

Guardado en:
Autor Principal: Hasse, Helmut, 1898-1979.
Formato: Libro
Idioma:German
Publicado: Berlin : Walter de Gruyter, 1951.
Edición:3., verb. Aufl.
Series:Sammlung Göschen ; Bd. 932
Etiquetas: Agregar Etiqueta
Sin Etiquetas, Sea el primero en etiquetar este registro!
LEADER 00548nam a22001695a 4500
001 MAT.inmabb000705
008 031118s1951####gw############000#0#ger#d
005 20170517125527.0
245 1 0 |a Höhere Algebra.  |n II,  |p Gleichungen höheren Grades /  |c von Helmut Hasse. 
250 |a 3., verb. Aufl. 
260 |a Berlin :  |b Walter de Gruyter,  |c 1951. 
300 |a 158 p. ;  |c 16 cm. 
440 0 |a Sammlung Göschen ;  |v Bd. 932 
510 4 |a MR,  |c MR0038322 
100 1 |a Hasse, Helmut,  |d 1898-1979. 
084 |a 09.0X  |2 MR 
859 |h 08  |i H354-3  |p A-3395  |3 Vol. II  |b BIB. MATEMATICA